000 00557cam a22002295a 4500
003 OSt
005 20150520152821.0
008 120626s2012 ke ab b 001 0 eng
020 _a9966888314
040 _aSEKU
050 _aBL 2465
_b.M32 2012
100 1 _aMbiti, John S.
245 1 0 _aConcepts of God in Africa
250 _a2nd ed.
260 _aNairobi, Kenya
_bActon Publishers
_c2012
300 _a522 p. :
_bill.
504 _aIncludes bibl. refs.
650 0 _aGod
650 0 _aReligion
651 _aAfrica
_xReligion
942 _2lcc
_cGEN
999 _c3897
_d3897